Language Quiz

Random Language or Letter Quiz

21 Ways Not to Be a 'Dame' Quiz Stats

 Plays Quiz Updated Jun 23, 2020

Support Sporcle.
Go Orange.
Score 0/21 Timer 01:30
4 Plays Today
% Correct
Lame
98.2%
Fame
96.7%
Tame
96.2%
Game
95.8%
Came
95.7%
Dime
95.7%
Same
95.5%
Dome
95.1%
Name
93.2%
Deme
90.5%
Hame
86.4%
% Correct
Date
86.1%
Dale
83.4%
Kame
82.7%
Dare
81.9%
Wame
76.5%
Dace
67.8%
Daze
67.4%
Damp
66.6%
Dams
66%
Damn
62.2%

You're not logged in!

Compare scores with friends on all Sporcle quizzes.
OR
Log In

From the Vault

Movie Teachers by Film Blitz

by Doctor_Arzt

Here you go, if you want a film degree this is your chance.
Remove Ads.
Support Sporcle.
Get the best of Sporcle when you Go Orange. This ad-free experience offers more features, more stats, and more fun while also helping to support Sporcle. Thank you for becoming a member.

Show Comments

Extras

Top Quizzes Today


Score Distribution

Your Account Isn't Verified!

In order to create a playlist on Sporcle, you need to verify the email address you used during registration. Go to your Sporcle Settings to finish the process.

Report this User

Report this user for behavior that violates our Community Guidelines.

Details: